| 000 | 00421nam a2200145Ia 4500 | ||
|---|---|---|---|
| 041 | _aKurdish | ||
| 082 | _a323,1 cut-745 س | ||
| 100 | _a20260118u\\\\\\\\\\\y0engy0103\\\\ba | ||
| 100 | _aتەها سڵیمان | ||
| 245 | 0 | _aجینۆسایدى ئێزدییەکان گوندى کۆچۆ | |
| 250 | _aچ1 | ||
| 260 |
_bچاپخانە بینایى _aسلیمانى - العراق _c2016 |
||
| 300 | _a364 | ||
| 942 | _cBk | ||
| 999 |
_c189390 _d189390 |
||